00553cam a2200181 i 450000100060000000300080000600500170001400800390003103500190007004000230008904100080011208200210012011000530014124500240019426000870021830000500030565100160035528712BD-RjUL20211209051323.0140331s1974 bg af 000 0 eng a(BD-RjUL)28794 aDLCcDLCdDLCbeng aeng00a954.92bTHI 19741 aBangladesh.bTathya o Betāra Mantraṇālaya.10aThis is Bangladesh. a[Dacca] :bDept. of Publications, Ministry of Information and Broadcasting,c1974. a32 p., [8] leaves of plates :bill. ;c22 cm. 0aBangladesh.